बस्ती / (Record no. 117526)

MARC details
000 -LEADER
fixed length control field 01005nam a22002777a 4500
003 - CONTROL NUMBER IDENTIFIER
control field dpl
005 - DATE AND TIME OF LATEST TRANSACTION
control field 20180717125454.0
008 - FIXED-LENGTH DATA ELEMENTS--GENERAL INFORMATION
fixed length control field 180717b xxu||||| |||| 00| 0 eng d
010 ## - LIBRARY OF CONGRESS CONTROL NUMBER
LC control number A-716600
020 ## - INTERNATIONAL STANDARD BOOK NUMBER
Terms of availability 50.00
035 ## - SYSTEM CONTROL NUMBER
System control number A-716600, A-716618
037 ## - SOURCE OF ACQUISITION
Source of stock number/acquisition Cen Lib/Ret
040 ## - CATALOGING SOURCE
Original cataloging agency DPL
Language of cataloging HN
Transcribing agency 0
082 ## - DEWEY DECIMAL CLASSIFICATION NUMBER
Classification number
Item number धर्मप
100 ## - MAIN ENTRY--PERSONAL NAME
Personal name धर्मपाल
9 (RLIN) 75129
245 ## - TITLE STATEMENT
Title बस्ती /
Statement of responsibility, etc धर्मपाल
246 ## - VARYING FORM OF TITLE
Title proper/short title Basti
Remainder of title by Dharampal
260 ## - PUBLICATION, DISTRIBUTION, ETC. (IMPRINT)
Place of publication, distribution, etc नई दिल्ली
Name of publisher, distributor, etc सुयोग्य प्रकाशन
Date of publication, distribution, etc 1994
270 ## - ADDRESS
Address w-ग्रेटर कैलाश पार्ट -I
City नई दिल्ली
Postal code 110046
300 ## - PHYSICAL DESCRIPTION
Extent 122पृष्ठ.
Dimensions 17सेमी(सजिल्द )
650 ## - SUBJECT ADDED ENTRY--TOPICAL TERM
Topical term or geographic name as entry element हिंदी साहित्य
9 (RLIN) 75130
650 ## - SUBJECT ADDED ENTRY--TOPICAL TERM
Topical term or geographic name as entry element हिंदी उपन्यास
9 (RLIN) 75131
650 ## - SUBJECT ADDED ENTRY--TOPICAL TERM
Topical term or geographic name as entry element Hindi Literature
9 (RLIN) 75132
650 ## - SUBJECT ADDED ENTRY--TOPICAL TERM
Topical term or geographic name as entry element Hindi novel
9 (RLIN) 75133
942 ## - ADDED ENTRY ELEMENTS (KOHA)
Source of classification or shelving scheme Dewey Decimal Classification
Koha item type Hindi Books
Classification part
Call number suffix धर्मप
Holdings
Withdrawn status Lost status Damaged status Not for loan Home library Current library Date acquired Source of acquisition Cost, normal purchase price Total Checkouts Full call number Barcode Date last seen Copy number Cost, replacement price Price effective from Koha item type Source of classification or shelving scheme Public note Collection code
        Central Library Central Library 04/09/2015 Cen Lib /Ret 50.00   उ धर्मप A-716600 04/09/2015 1 50.00 04/09/2015 Hindi Books      
Written off       Central Library Central Library 26/10/2016 Cen Lib/Ret 50.00   उ धर्मप A-716601 26/10/2016 2 50.00 26/10/2016 Hindi Books Dewey Decimal Classification Written off on approval by DLB (By Circulation); dtd 15-06-2023  
        Shahdara Branch Shahdara Branch 17/07/2018 BPPD/PUB 50.00   उ धर्मप A-716618 17/07/2018   50.00 17/07/2018 Hindi Books Dewey Decimal Classification   Fiction

© Delhi Public Library
Hit Counter
free hit counter